2026 OKC Thunder Roster - Statistics

General Stats
  • This quiz has been taken 3 times
  • The average score is 15 of 18
Answer Stats
Hint Answer % Correct
PG/SG Ajay Mitchell
100%
SG Alex Caruso
100%
PG/SG Carson Wallace
100%
PF/C Chet Holmgren
100%
C Isaiah Hartenstein
100%
SF Jalen Williams
100%
SG Jared McCain
100%
PF/C Jaylin Williams
100%
PF Kenrich Williams
100%
SG Lu Dort
100%
PG Shai Gilgeous-Alexander
100%
SG/SF Aaron Wiggins
67%
C Brandon Carlson
67%
SG Isaiah Joe
67%
PG Nikola Topic
67%
PF Thomas Sorber
67%
SG Brooks Barnhizer
33%
SF Payton Sandfort
33%
No matching quizzes found
Score Distribution
Percent of People with Each Score
Percentile by Number Answered
Your Score History
You have not taken this quiz